| 000 | 00498nam a2200181Ia 4500 | ||
|---|---|---|---|
| 005 | 20250320053129.0 | ||
| 008 | 240331s9999 xx 000 0 und d | ||
| 020 | _a0253193737 | ||
| 082 |
_a302.2 _bBAR _22014 |
||
| 100 | _aBaron, N. S | ||
| 245 | 0 |
_aSpeech, Writing, and Sign: _bA Functional View of Linguistic Representation |
|
| 260 |
_aBloomington, _bIndiana University Press _c1981 |
||
| 300 | _axiv, 303 p., | ||
| 650 | _aLinguistics | ||
| 650 | _aSpeech | ||
| 650 | _aLanguage | ||
| 942 | _cL | ||
| 999 |
_c1085 _d1085 |
||